Inside the New Mexico Senate : boots, suits, and citizens /

Bibliographic Details
Main Author: Feldman, Dede (Author)
Format: Book
Language:English
Published: Albuquerque : University of New Mexico Press, [2014]
Subjects:

MARC

Tag First Indicator Second Indicator Subfields
LEADER 00000cam a2200000 i 4500
001 in00003457635
005 20151206092839.0
008 130905s2014 nmua b 001 0 eng
010 |a  2013029208 
020 |a 9780826354389 (pbk. : alk. paper) 
020 |a 0826354386 (pbk. : alk. paper) 
020 |z 9780826354396 (electronic) 
035 |a (OCoLC)ocn858749278 
040 |a DLC  |e rda  |c DLC  |d UtOrBLW 
043 |a n-us-nm 
049 |a TXAM 
050 0 0 |a JK8066  |b .F45 2014 
082 0 0 |a 328.789/071  |2 23 
100 1 |a Feldman, Dede,  |e author. 
245 1 0 |a Inside the New Mexico Senate :  |b boots, suits, and citizens /  |c Dede Feldman. 
264 1 |a Albuquerque :  |b University of New Mexico Press,  |c [2014] 
300 |a xiv, 298 pages :  |b illustrations ;  |c 24 cm. 
336 |a text  |b txt  |2 rdacontent 
337 |a unmediated  |b n  |2 rdamedia 
338 |a volume  |b nc  |2 rdacarrier 
504 |a Includes bibliographical references and index. 
610 1 0 |a New Mexico.  |b Legislature.  |b Senate. 
651 0 |a New Mexico  |x Politics and government. 
945 |a PromptCat 
946 |a stk 
947 |a A14840688510 
948 |a cataloged  |b h  |c 2014/4/4  |d c  |e dmitchel  |f 12:00:00 pm 
994 |a 92  |b TXA 
999 |a MARS 
999 f f |s 65c893b7-8e4b-354e-9a21-71652e4acad2  |i aa9eb2d5-7e23-3599-a293-0853b4c0762d  |t 0 
952 f f |p ric  |a Texas A&M University  |b Rellis Campus  |c Joint Library Facility  |d Remote Storage  |t 0  |e JK8066 .F45 2014  |h Library of Congress classification  |i unmediated -- volume  |m A14840688510 
998 f f |a JK8066 .F45 2014  |t 0  |l Remote Storage